Электроэрозионный износ поверхности ускорительного канала в гибридном коаксиальном магнитоплазменном ускорителе; Известия Томского политехнического университета [Известия ТПУ]; Т. 309, № 2

Bibliographische Detailangaben
Parent link:Известия Томского политехнического университета [Известия ТПУ]/ Томский политехнический университет (ТПУ).— , 2000-
Т. 309, № 2.— 2006.— [С. 97-102]
Weitere Verfasser: Герасимов Д. Ю. Дмитрий Юрьевич, Сивков А. А. Александр Анатольевич, Сайгаш А. С. Анастасия Сергеевна, Шарипов Р. Р., Привезенцев С. И. Сергей Иванович
Zusammenfassung:Заглавие с титульного листа
Электронная версия печатной публикации
На основании экспериментальных исследований установлены основные закономерности электроэрозионного износа поверхности ускорительного канала коаксиального магнитоплазменного ускорителя в связи с динамикой ускорения и колебаниями скорости плазмы. Предполагается, что колебания скорости обусловлены возникновением скачков уплотнения при сверхзвуковом течении плазмы в ускорительном канале. В рассматриваемой системе наиболее значимым фактором, определяющим электроэрозионный износ, является величина подведенной к ускорителю энергии. Отличительной особенностью является квадратичная зависимость величины износа от подведенной энергии. Полученные данные позволяют определить оптимальную геометрию ускорительного канала и необходимую энергетику для наработки и выноса из ствола требуемой массы материала.
Sprache:Russisch
Veröffentlicht: 2006
Schriftenreihe:Технические науки
Schlagworte:
Online-Zugang:http://www.lib.tpu.ru/fulltext/v/Bulletin_TPU/2006/v309/i2/20.pdf
Format: MixedMaterials Elektronisch Buchkapitel
KOHA link:https://koha.lib.tpu.ru/cgi-bin/koha/opac-detail.pl?biblionumber=171179

MARC

LEADER 00000nla2a2200000 4500
001 171179
005 20240215142215.0
035 |a (RuTPU)RU\TPU\book\185636 
035 |a RU\TPU\book\185635 
090 |a 171179 
100 |a 20091202d2006 k y0rusy50 ca 
101 0 |a rus 
102 |a RU 
135 |a drnn ---uucaa 
181 0 |a i  
182 0 |a b 
200 1 |a Электроэрозионный износ поверхности ускорительного канала в гибридном коаксиальном магнитоплазменном ускорителе  |f Д. Ю. Герасимов [и др.] 
203 |a Текст  |c электронный 
215 |a 1 файл (888 Кб) 
225 1 |a Технические науки 
300 |a Заглавие с титульного листа 
300 |a Электронная версия печатной публикации 
320 |a [Библиогр.: с. 102 (14 назв.)] 
330 |a На основании экспериментальных исследований установлены основные закономерности электроэрозионного износа поверхности ускорительного канала коаксиального магнитоплазменного ускорителя в связи с динамикой ускорения и колебаниями скорости плазмы. Предполагается, что колебания скорости обусловлены возникновением скачков уплотнения при сверхзвуковом течении плазмы в ускорительном канале. В рассматриваемой системе наиболее значимым фактором, определяющим электроэрозионный износ, является величина подведенной к ускорителю энергии. Отличительной особенностью является квадратичная зависимость величины износа от подведенной энергии. Полученные данные позволяют определить оптимальную геометрию ускорительного канала и необходимую энергетику для наработки и выноса из ствола требуемой массы материала. 
337 |a Adobe Reader 
461 1 |0 (RuTPU)RU\TPU\book\176237  |t Известия Томского политехнического университета [Известия ТПУ]  |f Томский политехнический университет (ТПУ)  |d 2000- 
463 1 |0 (RuTPU)RU\TPU\book\185599  |t Т. 309, № 2  |v [С. 97-102]  |d 2006  |p 288 с. 
610 1 |a электроэрозионный износ 
610 1 |a поверхности 
610 1 |a ускорительные каналы 
610 1 |a гибридные ускорители 
610 1 |a коаксиальные ускорители 
610 1 |a магнитоплазменные ускорители 
610 1 |a экспериментальные исследования 
610 1 |a закономерности 
610 1 |a динамика 
610 1 |a ускорение 
610 1 |a колебания 
610 1 |a скорость 
610 1 |a плазма 
610 1 |a скачки уплотнения 
610 1 |a сверхзвуковые течения 
610 1 |a энергия 
610 1 |a квадратичная зависимость 
610 1 |a данные 
610 1 |a оптимальная геометрия 
610 1 |a энергетика 
610 1 |a наработка 
610 1 |a масса 
610 1 |a материалы 
610 1 |a труды учёных ТПУ 
610 1 |a электронный ресурс 
701 1 |a Герасимов  |b Д. Ю.  |c специалист в области электроэнергетики  |c доцент Томского политехнического университета, кандидат технических наук  |f 1980-  |g Дмитрий Юрьевич  |3 (RuTPU)RU\TPU\pers\26563  |9 12252 
701 1 |a Сивков  |b А. А.  |c специалист в области электроэнергетики  |c профессор Томского политехнического университета, доктор технических наук  |f 1951-  |g Александр Анатольевич  |3 (RuTPU)RU\TPU\pers\26846  |9 12465 
701 1 |a Сайгаш  |b А. С.  |c специалист в области электроэнергетики  |c доцент Томского политехнического университета, кандидат технических наук  |f 1981-  |g Анастасия Сергеевна  |3 (RuTPU)RU\TPU\pers\27720  |9 12794 
701 1 |a Шарипов  |b Р. Р. 
701 1 |a Привезенцев  |b С. И.  |c специалист в области электроэнергетики  |c техник Томского политехнического университета  |f 1984-  |g Сергей Иванович  |3 (RuTPU)RU\TPU\pers\31898 
801 1 |a RU  |b 63413507  |c 20090623  |g PSBO 
801 2 |a RU  |b 63413507  |c 20211015  |g PSBO 
856 4 |u http://www.lib.tpu.ru/fulltext/v/Bulletin_TPU/2006/v309/i2/20.pdf 
942 |c CF